Представление документа в формате MARC21

Поле Инд. ПП Название Значение
Тип записи a
Библиографический уровень m
001 Контрольный номер 150242c628f347dfb971853b9d24594d
005 Дата корректировки 20241211131910.9
020 a ISBN 978-5-7408-0292-3
080 a Индекс УДК 72.036
a Индекс УДК 721.012
084 a Индекс другой классификации/Индекс ББК Щ118.2
084 a Индекс другой классификации/Индекс ББК Щ118.7
090 x Авторский знак С 50
a Полочн. индекс Щ
097 b Оператор *Ст*
b Оператор *Вин*
100 1_ a Автор Смирнов Л.Н.
245 10 a Заглавие Архитектура первых отечественных крупнопанельных малоэтажных жилых, общественных и производственных зданий
c Ответственность Уральский гос. архитектурно-художественный университет им. И.С.Алферова (УрГАХУ)
260 a Место издания Екатеринбург
c Дата издания 2024
b Издательство Уральский государственный архитектурно-художественный университет им. И.С.Алферова (УрГАХУ)
300 a Объем 83 с.
516 8_ a Прим. о типе комп. файла/ данных Текст : непосредственный
520 0_ a Аннотация Книга освещает первый в СССР и Европе опыт освоения и развития новой отечественной отрасли строительства - индустриального крупнопанельного домостроения. На основе натурных и архивных исследований раскрывается история создания свердловскими архитекторами Г. И. Потаповым и Г. Г. Ростковской первого в стране одноэтажного крупнопанельного жилого дома в 1945 г. Особое внимание обращено на творческий поиск зодчими взаимодействия архитектурно-композиционных решений домов и их планировок со сборными элементами железобетонных конструкций. Приведены примеры малоизвестных уникальных архитектурных проектов и чертежей экспериментальных малоэтажных крупнопанельных зданий, созданных архитекторами Свердловска и Москвы для их изготовления на Берёзовском заводе строительных конструкций (Свердловская область) во второй половине 1940-х гг. Показана дислокация различных по архитектурному решению и функциональному назначению малоэтажных крупнопанельных жилых, общественных и производственных зданий, построенных в городах и рабочих поселках Уральского региона в послевоенное пятилетие.
653 0_ a Ключевые слова Архитектурно-планировоные решения
a Ключевые слова История архитектуры
a Ключевые слова Малоэтажные здания
a Ключевые слова Советская архитектура
a Ключевые слова Стеновые панели
a Ключевые слова Фундаменты
655 a Жанр/ форма (устаревшее) *Н*
700 12 a Другие авторы Ворошилова А.С.
901 t Тип документа m
905 b Дата создания записи обработка 30.10.24
952 e Факультет *ИСФ*
a Тип литературы для КСУ ВШ *Н*
990 h N записи в КСУ для Б/У (DOS) 29/2024
990 f Даты поступлений (DOS) 11.07.24
g Размещение заказа (DOS) пожертвование от Общественной Палаты
j Количество экземпляров (DOS) 1